Đánh giá khả năng phân tách rừng ngập mặn từ các lớp phủ thực vật của ảnh Sentinel-2 tại đầm Lập An, tỉnh Thừa Thiên Huế /
Na minha lista:
| Autor principal: | |
|---|---|
| Outros Autores: | , |
| Formato: | Artigo |
| Idioma: | Vietnamese |
| Assuntos: | |
| Tags: |
Adicionar Tag
Sem tags, seja o primeiro a adicionar uma tag!
|
| Thư viện lưu trữ: | Thư viện Trường Đại học Đà Lạt |
|---|
| LEADER | 00998nam a2200289 4500 | ||
|---|---|---|---|
| 001 | DLU190192849 | ||
| 005 | ##20191011 | ||
| 040 | # | # | |a DLU |b vie |
| 041 | # | # | |a vie |
| 044 | # | # | |a vn |
| 100 | # | # | |a Hà Nam Thắng. |
| 245 | # | # | |a Đánh giá khả năng phân tách rừng ngập mặn từ các lớp phủ thực vật của ảnh Sentinel-2 tại đầm Lập An, tỉnh Thừa Thiên Huế / |c Hà Nam Thắng,...[và những người khác]. |
| 653 | # | # | |a Chỉ số diệp lục |
| 653 | # | # | |a Rừng ngập mặn |
| 653 | # | # | |a Sentinel-2 |
| 653 | # | # | |a Tỉ lệ đơn |
| 700 | # | # | |a Lê Thị Ngọc Tú |
| 700 | # | # | |a Lê Văn Dân |
| 773 | # | # | |t Nông nghiệp & Phát triển nông thôn |g Số 315, 2017, tr. 134-139 |
| 920 | # | # | |a Phòng Tạp chí -- Trung tâm Thông tin - Thư viện Trường Đại học Đà Lạt |
| 900 | # | # | |a True |
| 911 | # | # | |a Nguyễn Thị Thu Phương |
| 925 | # | # | |a G |
| 926 | # | # | |a A |
| 927 | # | # | |a BB |
| 980 | # | # | |a Thư viện Trường Đại học Đà Lạt |